000 00296nam a2200121Ia 4500
005 20251222153621.0
008 251222s9999||||xx |||||||||||||| ||spa||
020 _a9789972229336
082 _a348.62/J24
245 0 _aLegislación Laboral
264 _bJurista Editores E. I. R. L.
942 _cLIB
999 _c31985
_d31985